Polymeric Gene Delivery Principle and Applications

Gespeichert in:
Bibliographische Detailangaben
1. Verfasser: Amiji, Mansoor M.
Format: Buch
Sprache:Undetermined
Veröffentlicht: Boca Raton CRC Press 2005
Schlagworte:
Tags: Tag hinzufügen
Keine Tags, Fügen Sie den ersten Tag hinzu!
Thư viện lưu trữ: Trung tâm Học liệu Trường Đại học Cần Thơ
LEADER 00559nam a2200205Ia 4500
001 CTU_88197
008 210402s9999 xx 000 0 und d
020 |c 2970000 
082 |a 615.8 
082 |b A516 
100 |a Amiji, Mansoor M. 
245 0 |a Polymeric Gene Delivery 
245 0 |b Principle and Applications 
245 0 |c Mansoor M. Amiji 
260 |a Boca Raton 
260 |b CRC Press 
260 |c 2005 
650 |a Gene therapy,Polymeric drug delivery systems. 
904 |i Năm 
980 |a Trung tâm Học liệu Trường Đại học Cần Thơ